| 000 | 00650nam a2200277Ia 4500 | ||
|---|---|---|---|
| 005 | 20260324120430.0 | ||
| 008 | 008 260324s9999 xx 000 0 eng d | ||
| 020 | _a9781315590417 | ||
| 037 | _aEBOOK | ||
| 040 | _aCRL | ||
| 040 | _beng | ||
| 040 | _cCRL | ||
| 041 | _2eng | ||
| 041 | _aeng | ||
| 084 | _qCRL | ||
| 100 |
_aMark A. Waddell _91158547 |
||
| 245 | 0 | _aJesuit Science and the End of Nature's Secrets | |
| 260 | _bTaylor and Francis | ||
| 260 | _c2015 | ||
| 365 | _a | ||
| 365 | _b230 | ||
| 856 | _uhttp://www.taylorfrancis.com/books/9781315590417 | ||
| 942 | _cEBOOK | ||
| 999 |
_c1750073 _d1750073 |
||